|
|
|
|
| LEADER |
00660nab a2200157 i 4500 |
| 001 |
delm136349 |
| 005 |
20191216102046.0 |
| 008 |
191216s2006 hu o 0|| hun d |
| 040 |
|
|
|a SZTE Délmagyarország Archívum
|b hun
|
| 041 |
|
|
|a hun
|
| 100 |
2 |
|
|a Szabó C. Szilárd
|
| 245 |
1 |
2 |
|a A pszichiátriára költözik a fertőző
|h [elektronikus dokumentum] :
|b az önkormányzat eladja a kórház Pulz utcai épületét /
|c Szabó C. Szilárd
|
| 260 |
|
|
|c 2006-05-29
|
| 300 |
|
|
|a 1, 5
|
| 490 |
0 |
|
|a Délmagyarország
|v 96 No. 124
|
| 695 |
|
|
|a Szeged, Egészségügyi intézmény kórház pszichiátria osztály Szeged, Egészségügyi intézmény kórház fertőző osztály Szeged
|